000 01061cam a2200265 4500
001 ABS62576
008 000000n2000 000 0 eng u
035 _a(Sirsi) u107431
100 _aGallagher, Eugene.M.
245 _aReduction, re-use and recycling of construction and demolition waste
260 _c2000
490 _aWastes Management
_v July 2000, 17-18(2)
520 _aBriefly outlines government strategy for more sustainable waste management; looks at European practice and reports on UK initiatives. The DETR and BRE run a free internet-based exhange forum for holder of, and those wanting to re-cycle/re-use construction and demolition waste, at: http://cig.bre.co.uk/connet/mie References.
590 _aABS
650 _aSUSTAINABLE WASTE MANAGEMENT
650 _aCONSTRUCTION WASTE
650 _aDEMOLITION WASTE
650 _aRECYCLING
650 _aEUROPEAN COMMISSION
650 _aDENMARK
650 _aNETHERLANDS
690 _aBUILT ENVIRONMENT-SUSTAINABLE CONSTRUCTION
700 _aNeedham, Adrian.D.
942 _n0
999 _c64219
_d64219